Nursery sing-along [

Bibliographic Details
Format: Book
Published: Kuala Lumpur : Speedy Video Distributors , 19-
Subjects:

MARC

LEADER 00000cam a2200000 7i4500
001 0000002229
002 000002429
005 20021009.0
020 |a 000002429 
090 0 0 |a J 398.8   |b NUR 
245 1 0 |a Nursery sing-along [  |h video recording] 
260 |a Kuala Lumpur :   |b Speedy Video Distributors ,   |c 19- 
300 |a 1 Video recording VHS(60 minutes) :   |b col.(PAL) 
500 |a Library has 1 copy 
650 0 0 |a Cartoons musical 
999 |a 00125   |b VIDEO   |c KOLEKSI AUDIO VIDEO   |e PERPUSTAKAAN KOMUNITI PETALING JAYA